LA ÚLTIMA VIDA DE UN GATO (Registro nro. 68602)

Detalles MARC
000 -CABECERA
campo de control de longitud fija 00973nam a22003017a 4500
008 - DATOS DE LONGITUD FIJA--INFORMACIÓN GENERAL
campo de control de longitud fija 260610s2002 mx a|||br|||| 001 0 spa d
020 ## - NÚMERO INTERNACIONAL ESTÁNDAR DEL LIBRO
Número Internacional Estándar del Libro 970-20-0132-3
040 ## - FUENTE DE LA CATALOGACIÓN
Lengua de catalogación spa
041 ## - CÓDIGO DE LENGUA
Código de lengua del texto/banda sonora o título independiente spa
Código de lengua original spa
050 ## - SIGNATURA TOPOGRÁFICA DE LA BIBLIOTECA DEL CONGRESO
Número de clasificación I/863M/
Número de documento/Ítem G74 U58
082 04 - NÚMERO DE LA CLASIFICACIÓN DECIMAL DEWEY
Número de edición 2a
Número de clasificación I/863M/
Número de documento/Ítem G74 U58
100 ## - ENTRADA PRINCIPAL--NOMBRE DE PERSONA
Nombre de persona GONZÁLEZ MONTES, FIDENCIO
245 ## - MENCIÓN DE TÍTULO
Título LA ÚLTIMA VIDA DE UN GATO
Resto del título Y OTROS CUENTOS
260 ## - PUBLICACIÓN, DISTRIBUCIÓN, ETC.
Lugar de publicación, distribución, etc. MÉXICO:
Nombre del editor, distribuidor, etc. EDICIONES CASTILLO
Fecha de publicación, distribución, etc. 2002
300 ## - DESCRIPCIÓN FÍSICA
Extensión 148 páginas;
Dimensiones 18.5 X 11 cm
336 ## - TIPO DE CONTENIDO
Fuente rdacontent
Término de tipo de contenido texto
Código de tipo de contenido txt
337 ## - TIPO DE MEDIO
Fuente rdamedia
Nombre/término del tipo de medio sin mediación
Código del tipo de medio n
338 ## - TIPO DE SOPORTE
Fuente rdacarrier
Nombre/término del tipo de soporte volumen
Código del tipo de soporte nc
490 0# - MENCIÓN DE SERIE
Mención de serie CASTILLO DE LA LECTURA
505 ## - NOTA DE CONTENIDO CON FORMATO
Nota de contenido con formato CUENTOS INFANTILES MEXICANOS
505 ## - NOTA DE CONTENIDO CON FORMATO
Nota de contenido con formato ABUELOS Y NIETOS, CUENTOS MEXICANOS
505 ## - NOTA DE CONTENIDO CON FORMATO
Nota de contenido con formato VIDA COTIDIANA, CUENTOS INFANTILES
650 ## - PUNTO DE ACCESO ADICIONAL DE MATERIA--TÉRMINO DE MATERIA
Término de materia o nombre geográfico como elemento de entrada LITERATURA Y RETÓRICA
650 ## - PUNTO DE ACCESO ADICIONAL DE MATERIA--TÉRMINO DE MATERIA
Término de materia o nombre geográfico como elemento de entrada LITERATURAS ESPAÑOLA Y PORTUGUESA
650 ## - PUNTO DE ACCESO ADICIONAL DE MATERIA--TÉRMINO DE MATERIA
Término de materia o nombre geográfico como elemento de entrada NOVELÍSTICA ESPAÑOLA
700 ## - PUNTO DE ACCESO ADICIONAL--NOMBRE DE PERSONA
Nombre de persona ARENAS BELTRÁN, LEONARDO
Títulos y otros términos asociados al nombre ILUSTRACIÓN
942 ## - ELEMENTOS DE PUNTO DE ACCESO ADICIONAL (KOHA)
Fuente del sistema de clasificación o colocación Dewey Decimal Classification
Tipo de ítem Koha General Infantil
Existencias
Estado de retiro Estado de pérdida Fuente del sistema de clasificación o colocación Estado dañado No para préstamo Código de colección Localización permanente Ubicación/localización actual Ubicación en estantería Fecha de adquisición Fuente de adquisición Total de préstamos Signatura topográfica completa Código de barras Fecha visto por última vez Número de copia Tipo de ítem Koha Precio válido a partir de
    Dewey Decimal Classification   Préstamo en Sala General Infantil BIBLIOTECA PÚBLICA CENTRAL ESTATAL “FRANCISCO CERVANTES” BIBLIOTECA PÚBLICA CENTRAL ESTATAL “FRANCISCO CERVANTES” ACCESO C PLANTA BAJA 06/11/2026 DONADO   I/863M/G74 U58 2002 46317 06/10/2026 EJ. 1 General Infantil  
    Dewey Decimal Classification     General Infantil BIBLIOTECA PÚBLICA CENTRAL ESTATAL “FRANCISCO CERVANTES” BIBLIOTECA PÚBLICA CENTRAL ESTATAL “FRANCISCO CERVANTES” ACCESO C PLANTA BAJA 06/11/2026 DONADO   I/863M/G74 U58 2002 46318 06/11/2026 EJ. 2 General Infantil 06/11/2026
    Dewey Decimal Classification     General Infantil BIBLIOTECA PÚBLICA CENTRAL ESTATAL “FRANCISCO CERVANTES” BIBLIOTECA PÚBLICA CENTRAL ESTATAL “FRANCISCO CERVANTES” ACCESO C PLANTA BAJA 06/11/2026 DONADO   I/863M/G74 U58 2002 46319 06/11/2026 EJ. 3 General Infantil 06/11/2026